000
00283nam a2200097Ia 4500
005
20250424112926.0
008
250424s9999 xx 000 0 und d
300
_a
ix, 241 p. ; 21 cm.
650
_a
Humanities--Nigeria--Periodicals. Social sciences--Nigeria--Periodicals.
942
_c
SR
999
_c
37919
_d
37919